Las mejores decisiones : / (Registro nro. 323724)

Detalles MARC
000 -ENCABEZADO
Número de control [NR] 00979nam a22002417a 4500
005 - FECHA Y HORA DE LA ÚLTIMA TRANSACCIÓN
control field 20240524073907.0
008 - DE LONGITUD FIJA DE DATOS DE ELEMENTOS - INFORMACIÓN GENERAL
Elementos de longitud fija [NR] 240115t ||||| |||| 00| 0 spa d
020 ## - NUMERO INTERNACIONAL NORMALIZADO PARA LIBROS [R]
Número Internacional Normalizado del libro [NR] 9788498928570
040 ## - FUENTE DE CATALOGACION [NR]
Agencia de catalogación original [NR] CO-BoUCM
Quien Cataloga David Moreno
Quien Clasifica David Avila (modificó)
041 ## - CODIGO DE IDIOMA [R]
Código de idioma para texto/pista de sonido o título separado [R] Español
100 10 - ASIENTO PRINCIPAL--NOMBRE PERSONAL [NR]
Nombre personal [NR] Brockman, John
Fechas asociadas con el nombre [NR] (1941-)
ID Autoridad 179710
245 14 - MENCION DE TITULO [NR]
Título [NR] Las mejores decisiones : /
Parte restante del título [NR] aprenda a tomarlas de la mano de Daniel Kahneman, Nassim Nicholas Taleb, Vilayanur Ramachandran, Daniel C. Dennett, Sarah-Jayne Blakemore y otros
Mención de responsabilidad, etc. [NR] John Brockman y Daniel Kahneman; traducción de Genís Sánchez Barberán
250 ## - MENCION DE EDICION [NR]
Mención de edición [NR] 1ª ed.
260 ## - PUBLICACION, DISTRIBUCION, ETC. (PIE DE IMPRENTA) [R]
Lugar de publicación, distribución, etc. [R] Barcelona
Nombre del editor, distribuidor, etc. [R] Crítica
Fecha de publicación, distribución, etc. [R] 2015
300 ## - DESCRIPCION FISICA [R]
Extensión [R] 393 Paginas
490 ## - MENCION DE SERIE [R]
Mención de serie [R] Drakontos
650 17 - ASIENTO SECUNDARIO DE MATERIA - TERMINO TEMATICO [R]
Término temático o nombre geográfico como elemento de entrada [NR] Pensamiento
9 (RLIN) 21256
650 17 - ASIENTO SECUNDARIO DE MATERIA - TERMINO TEMATICO [R]
Término temático o nombre geográfico como elemento de entrada [NR] Toma de decisiones
9 (RLIN) 25505
700 1# - ASIENTO SECUNDARIO - NOMBRE PERSONAL [R]
Nombre personal [NR] Kahneman, Daniel
Fechas asociadas con el nombre [NR] (1934-)
9 (RLIN) 35721
700 1# - ASIENTO SECUNDARIO - NOMBRE PERSONAL [R]
Nombre personal [NR] Sánchez Barberán, Genís
Término de relación [R] traductor
9 (RLIN) 43808
942 ## - ELEMENTOS DE ENTRADA AGREGADOS (KOHA)
Sistema de clasificación DEWEY
Tema principal Psicología
Tipo de ítem principal el descrito en 300a Libro
Edición 1
Clasificación 153.4
Parte restante de la signatura top. B864m
Título oculto en OPAC No
Existencias
Fecha de último préstamo Total préstamos Signatura topográfica Código de barras Última vez visto Ejemplar Price effective from Tipo de ítem Nota pública (OPAC) Perdido Sistema de clasificación Dañado No prestable Tipo de ítem específico Suprimido Ubicación habitual Ubicación actual Localización Fecha de creación Forma de adquisición Costo
03/06/2025 1 153.4 B864m 100172235 30/01/2026 Ej.1 15/01/2024 Libro de Reserva Spot Psicología & Psiquiatría   DEWEY     Libro de Reserva   Quinta de Mutis Quinta de Mutis 3er piso 15/01/2024 Compra 141204.00